[Event "Dortmund Sparkassen op-B"]
[Site "Dortmund"]
[Date "2015.06.29"]
[Round "3"]
[White "Wiese, Thomas"]
[Black "Krueger, Georg"]
[Result "1/2-1/2"]
[WhiteElo "1872"]
[BlackElo "1644"]
[PlyCount "27"]
[EventDate "2015.06.27"]
[EventType "swiss"]
[EventRounds "9"]
[EventCountry "GER"]
[SourceTitle "CBM 167 Extra"]
[Source "ChessBase"]
[SourceDate "2015.09.14"]
[SourceVersion "1"]
[SourceVersionDate "2015.09.14"]
[SourceQuality "1"]

1. e4 c6 2. Nc3 d5 3. Qf3 e6 4. e5 a6 5. a4 c5 6. Be2 Nc6 7. Qg3 Nge7 8. f4 Nb4 9. Bd1 Nf5 10. Qf2 Nd4 11. d3 Be7 12. Nf3 Nxf3+ 13. Qxf3 0-0 14. 0-0 1/2-1/2

[Event "Dortmund Sparkassen op-B"]
[Site "Dortmund"]
[Date "2015.06.28"]
[Round "2"]
[White "Krueger, Georg"]
[Black "Yangibayev, Rustam"]
[Result "1-0"]
[WhiteElo "1644"]
[BlackElo "1464"]
[PlyCount "39"]
[EventDate "2015.06.27"]
[EventType "swiss"]
[EventRounds "9"]
[EventCountry "GER"]
[SourceTitle "CBM 167 Extra"]
[Source "ChessBase"]
[SourceDate "2015.09.14"]
[SourceVersion "1"]
[SourceVersionDate "2015.09.14"]
[SourceQuality "1"]

1. e4 c6 2. d4 d5 3. exd5 cxd5 4. Bd3 Nf6 5. c3 e6 6. Nf3 Bd7 7. Ne5 Bd6 8. 0-0 a6 9. a4 Nc6 10. Re1 Qc7 11. Bf4 Bc8 12. Bg3 0-0 13. Nd2 g6 14. Ndf3 Nh5 15. Bh4 Be7 16. Qd2 Bxh4 17. Nxh4 Qe7 18. g3 Kg7 19. Ng4 g5 20. Nf5+ 1-0

[Event "Dortmund Sparkassen op-B"]
[Site "Dortmund"]
[Date "2012.07.22"]
[Round "9"]
[White "Krueger, Georg"]
[Black "Kasueschke, Lars"]
[Result "0-1"]
[WhiteElo "1625"]
[BlackElo "1385"]
[PlyCount "88"]
[EventDate "2012.07.14"]
[EventType "swiss"]
[EventRounds "9"]
[EventCountry "GER"]
[SourceTitle "EXT 2014"]
[Source "ChessBase"]
[SourceDate "2013.11.20"]
[SourceVersion "1"]
[SourceVersionDate "2013.11.20"]
[SourceQuality "1"]

1. d4 Nf6 2. Bf4 e6 3. e3 d5 4. Bd3 c5 5. c3 c4 6. Bc2 Bd6 7. Bg3 b5 8. Nf3 0-0 9. Ne5 Qc7 10. Nd2 Nc6 11. f4 a5 12. Bh4 Be7 13. Qf3 b4 14. Qh3 h6 15. g4 Nxe5 16. fxe5 Nh7 17. Nf3 Bxh4+ 18. Qxh4 Qd8 19. Bxh7+ Kxh7 20. g5 Rb8 21. Rg1 a4 22. Qh5 bxc3 23. gxh6 gxh6 24. Ng5+ Qxg5 25. Rxg5 cxb2 26. Rb1 a3 27. Rg2 Ba6 28. Qd1 c3 29. Qc2+ Kh8 30. Qxc3 Rfc8 31. Qxa3 Bd3 32. Rgxb2 Bxb1 33. Rxb8 Rxb8 34. Qe7 Bg6 35. a4 Rb1+ 36. Kf2 Ra1 37. a5 Kh7 38. Qc7 Ra2+ 39. Kg3 Ra3 40. Qa7 Rxe3+ 41. Kf2 Ra3 42. a6 Ra2+ 43. Ke3 Ra3+ 44. Kf4 Bh5 0-1

[Event "Dortmund Sparkassen op-B"]
[Site "Dortmund"]
[Date "2012.07.20"]
[Round "7"]
[White "Krueger, Georg"]
[Black "Eckert, Jasmin"]
[Result "0-1"]
[WhiteElo "1625"]
[BlackElo "1449"]
[PlyCount "52"]
[EventDate "2012.07.14"]
[EventType "swiss"]
[EventRounds "9"]
[EventCountry "GER"]
[SourceTitle "EXT 2014"]
[Source "ChessBase"]
[SourceDate "2013.11.20"]
[SourceVersion "1"]
[SourceVersionDate "2013.11.20"]
[SourceQuality "1"]

1. d4 d5 2. Bf4 Nc6 3. e3 Nf6 4. c4 e6 5. Nc3 Bd6 6. Bg5 Be7 7. Rc1 0-0 8. a3 b6 9. Nf3 Bb7 10. Bxf6 Bxf6 11. cxd5 exd5 12. Bd3 Ne7 13. 0-0 c5 14. dxc5 bxc5 15. Na4 c4 16. Bb1 Bc6 17. Nc3 Rb8 18. Qc2 g6 19. Rfd1 Bg7 20. Nd4 Qd7 21. Ba2 Kh8 22. Nce2 f5 23. Bxc4 Qb7 24. Ba2 Qxb2 25. Bxd5 Qxc2 26. Rxc2 Nxd5 0-1

[Event "Dortmund Sparkassen op-B"]
[Site "Dortmund"]
[Date "2012.07.16"]
[Round "3"]
[White "Krueger, Georg"]
[Black "Gelashvili, Vakhtang"]
[Result "1-0"]
[WhiteElo "1625"]
[BlackElo "1769"]
[PlyCount "75"]
[EventDate "2012.07.14"]
[EventType "swiss"]
[EventRounds "9"]
[EventCountry "GER"]
[SourceTitle "EXT 2014"]
[Source "ChessBase"]
[SourceDate "2013.11.20"]
[SourceVersion "1"]
[SourceVersionDate "2013.11.20"]
[SourceQuality "1"]

1. d4 Nf6 2. Nc3 d5 3. Bg5 Nbd7 4. e3 c6 5. f4 h6 6. Bh4 Qb6 7. Rb1 Qc7 8. Nf3 e6 9. Ne5 Bb4 10. Bd3 c5 11. 0-0 c4 12. Nxd7 Bxd7 13. Bxf6 gxf6 14. Be2 f5 15. Qd2 h5 16. Nxd5 Bxd2 17. Nxc7+ Ke7 18. Nxa8 Bxe3+ 19. Kh1 Rxa8 20. c3 e5 21. fxe5 f4 22. Bxc4 h4 23. Rbe1 Rf8 24. Rxe3 fxe3 25. Re1 b5 26. Bd5 Be6 27. Bb3 a5 28. Rxe3 a4 29. Bxe6 Kxe6 30. g3 h3 31. Kg1 Kd5 32. Kf2 b4 33. Ke2 bxc3 34. bxc3 Rb8 35. Kd3 Rc8 36. Rf3 Rc7 37. Rf6 Rd7 38. c4# 1-0

[Event "Dortmund Sparkassen op-B"]
[Site "Dortmund"]
[Date "2012.07.14"]
[Round "1"]
[White "Krueger, Georg"]
[Black "Richter, Marc"]
[Result "1-0"]
[WhiteElo "1625"]
[BlackElo "1392"]
[PlyCount "65"]
[EventDate "2012.07.14"]
[EventType "swiss"]
[EventRounds "9"]
[EventCountry "GER"]
[SourceTitle "EXT 2014"]
[Source "ChessBase"]
[SourceDate "2013.11.20"]
[SourceVersion "1"]
[SourceVersionDate "2013.11.20"]
[SourceQuality "1"]

1. d4 d5 2. Bf4 e6 3. e3 Bd7 4. Bd3 Bd6 5. Bg3 Bxg3 6. hxg3 c5 7. c3 c4 8. Bc2 Nf6 9. Nd2 b5 10. a4 b4 11. cxb4 Qb6 12. b5 Qa5 13. Ne2 Qb4 14. Qc1 Ne4 15. Bxe4 dxe4 16. 0-0 a6 17. b6 Nc6 18. Nxc4 Rc8 19. Qc3 Qe7 20. Rfc1 Nb4 21. b7 Rb8 22. Na5 0-0 23. Qc5 Qxc5 24. Rxc5 Nd3 25. Rc7 Rfd8 26. b3 Nb4 27. Rac1 Nd5 28. R7c5 Nb4 29. Rc7 Nd5 30. Rxd7 Rxd7 31. Rc8+ Rd8 32. Rxd8+ Rxd8 33. Nc6 1-0

[Event "Dortmund Sparkassen op-B"]
[Site "Dortmund"]
[Date "2010.07.24"]
[Round "8"]
[White "Krueger, Georg"]
[Black "Taube, Benedikt"]
[Result "1-0"]
[WhiteElo "1777"]
[BlackElo "1252"]
[PlyCount "69"]
[EventDate "2010.07.17"]
[EventType "swiss"]
[EventRounds "9"]
[EventCountry "GER"]
[SourceTitle "EXT 2014"]
[Source "ChessBase"]
[SourceDate "2013.11.20"]
[SourceVersion "1"]
[SourceVersionDate "2013.11.20"]
[SourceQuality "1"]

1. Nf3 Nf6 2. c4 d5 3. cxd5 Nxd5 4. d4 Bf5 5. a3 Nc6 6. Qb3 Nf6 7. Qxb7 Bd7 8. Qa6 Qb8 9. Qd3 Qb6 10. g3 Rb8 11. Bg2 Qa5+ 12. Bd2 Nb4 13. Bxb4 Rxb4 14. Qd2 Rb5 15. Nc3 Rb8 16. 0-0 Qh5 17. Ne5 Bh3 18. Bc6+ Kd8 19. Rfc1 e6 20. Bf3 Bg4 21. Qf4 Bd6 22. Ne4 Bxe5 23. dxe5 Bxf3 24. exf6 e5 25. Qd2+ Ke8 26. exf3 Qxf3 27. Rd1 gxf6 28. Qd7+ Kf8 29. Nd2 Qb7 30. Qf5 Qc6 31. Ne4 Rxb2 32. Rd8+ Kg7 33. Qg4+ Kh6 34. Rxh8 Qc2 35. Qh4+ 1-0

[Event "Dortmund Sparkassen op-B"]
[Site "Dortmund"]
[Date "2010.07.23"]
[Round "7"]
[White "Der, Josef"]
[Black "Krueger, Georg"]
[Result "0-1"]
[WhiteElo "1810"]
[BlackElo "1777"]
[PlyCount "54"]
[EventDate "2010.07.17"]
[EventType "swiss"]
[EventRounds "9"]
[EventCountry "GER"]
[SourceTitle "EXT 2014"]
[Source "ChessBase"]
[SourceDate "2013.11.20"]
[SourceVersion "1"]
[SourceVersionDate "2013.11.20"]
[SourceQuality "1"]

1. c4 Nf6 2. d4 g6 3. Nc3 d5 4. e3 Bg7 5. Nf3 0-0 6. Bd3 c5 7. cxd5 cxd4 8. Nxd4 Nxd5 9. Nxd5 Qxd5 10. Qf3 Qxf3 11. Nxf3 Rd8 12. Be2 Nc6 13. a3 Na5 14. Nd2 Be6 15. Rb1 Rac8 16. b4 Ba2 17. Bb2 Bxb1 18. Bxg7 Kxg7 19. bxa5 Rc1+ 20. Bd1 Bc2 21. Ke2 Bxd1+ 22. Rxd1 Rxd1 23. Kxd1 Rd3 24. Kc2 Rxa3 25. Kb2 Rxa5 26. g4 Rd5 27. Nf3 Rd1 0-1

[Event "Dortmund Sparkassen op-B"]
[Site "Dortmund"]
[Date "2010.07.19"]
[Round "3"]
[White "Nolte, Katharina"]
[Black "Krueger, Georg"]
[Result "0-1"]
[WhiteElo "1291"]
[BlackElo "1777"]
[PlyCount "56"]
[EventDate "2010.07.17"]
[EventType "swiss"]
[EventRounds "9"]
[EventCountry "GER"]
[SourceTitle "EXT 2014"]
[Source "ChessBase"]
[SourceDate "2013.11.20"]
[SourceVersion "1"]
[SourceVersionDate "2013.11.20"]
[SourceQuality "1"]

1. e4 c5 2. c4 Nc6 3. Nc3 g6 4. g3 Bg7 5. Bg2 e6 6. Nge2 Nge7 7. d3 a6 8. Be3 d6 9. a3 0-0 10. 0-0 Rb8 11. d4 b6 12. f4 f5 13. d5 exd5 14. exd5 Na5 15. Qd3 Kh8 16. Rab1 Re8 17. b4 Nb7 18. h3 Ng8 19. Rfe1 Bd7 20. Kh2 Nf6 21. Bf3 Qc7 22. Bd2 Re7 23. Rg1 Rd8 24. g4 Ne4 25. Rbf1 Nxd2 26. Qxd2 cxb4 27. axb4 Qxc4 28. Rb1 Re3 0-1

[Event "Dortmund Sparkassen op-B"]
[Site "Dortmund"]
[Date "2010.07.18"]
[Round "2"]
[White "Krueger, Georg"]
[Black "Roehling, Jonas"]
[Result "1/2-1/2"]
[WhiteElo "1777"]
[BlackElo "1362"]
[PlyCount "60"]
[EventDate "2010.07.17"]
[EventType "swiss"]
[EventRounds "9"]
[EventCountry "GER"]
[SourceTitle "EXT 2014"]
[Source "ChessBase"]
[SourceDate "2013.11.20"]
[SourceVersion "1"]
[SourceVersionDate "2013.11.20"]
[SourceQuality "1"]

1. Nf3 Nf6 2. c4 d6 3. d4 Nbd7 4. Bg5 e5 5. e3 Be7 6. Nc3 exd4 7. exd4 Nf8 8. Bd3 Ng6 9. h3 0-0 10. 0-0 h6 11. Be3 Bd7 12. Qc2 Qc8 13. Kh2 Kh8 14. Rae1 Re8 15. Bxg6 fxg6 16. Nh4 Ng4+ 17. hxg4 Bxh4 18. g3 Bf6 19. Nd5 Bxg4 20. Nxf6 Bf5 21. Qd2 gxf6 22. Bxh6 Qd7 23. Qf4 Qh7 24. g4 g5 25. Qxf5 Qxh6+ 26. Kg2 Kg8 27. Rh1 Qg7 28. Re6 Rxe6 29. Qxe6+ Kf8 30. Qf5 Kg8 1/2-1/2

[Event "Dortmund op-B"]
[Site "Dortmund"]
[Date "2009.07.09"]
[Round "6"]
[White "Krueger, Georg"]
[Black "Meyer, Gerd"]
[Result "0-1"]
[WhiteElo "1777"]
[BlackElo "2102"]
[PlyCount "56"]
[EventDate "2009.07.04"]
[EventType "swiss"]
[EventRounds "9"]
[EventCountry "GER"]
[SourceTitle "EXT 2012"]
[Source "ChessBase"]
[SourceDate "2011.11.24"]
[SourceVersion "1"]
[SourceVersionDate "2011.11.24"]
[SourceQuality "1"]

1. Nf3 d5 2. d4 Bf5 3. c4 e6 4. Nc3 Nf6 5. Bg5 c6 6. e3 Nbd7 7. Bd3 h6 8. Bh4 Bxd3 9. Qxd3 dxc4 10. Qxc4 Be7 11. a3 0-0 12. 0-0 Nb6 13. Qe2 Nfd5 14. Bxe7 Qxe7 15. Rac1 Rac8 16. Ne4 Nd7 17. Rc2 e5 18. Nxe5 Nxe5 19. dxe5 Qxe5 20. Nc5 Qc7 21. Rfc1 Rfe8 22. Qd2 Rcd8 23. Qd1 Rd6 24. Rd2 Rg6 25. Qf1 Qe7 26. Nb3 Nxe3 27. Re2 Nxf1 28. Rxe7 Rxe7 0-1

[Event "Dortmund op-A"]
[Site "Dortmund"]
[Date "2007.07.01"]
[Round "9"]
[White "Dippel, Olaf"]
[Black "Krueger, Georg"]
[Result "0-1"]
[WhiteElo "1752"]
[BlackElo "1694"]
[PlyCount "50"]
[EventDate "2007.06.22"]
[EventType "swiss"]
[EventRounds "9"]
[EventCountry "GER"]
[SourceTitle "EXT 2008"]
[Source "ChessBase"]
[SourceDate "2007.11.25"]
[SourceVersion "1"]
[SourceVersionDate "2007.11.25"]
[SourceQuality "1"]

1. d4 Nf6 2. c4 e6 3. Nc3 Bb4 4. a3 Bxc3+ 5. bxc3 b6 6. Nf3 h6 7. e3 0-0 8. Be2 d6 9. 0-0 Bb7 10. Bb2 c5 11. Qc2 Qc7 12. Nd2 Nc6 13. f4 d5 14. Bd3 Na5 15. Rae1 Rac8 16. cxd5 exd5 17. Bf5 Rcd8 18. Nb3 Nc4 19. Qc1 Rfe8 20. Bd3 Nxb2 21. Qxb2 c4 22. Be2 cxb3 23. Bb5 Re7 24. Qxb3 Ne4 25. Rd1 Qxc3 0-1

[Event "Dortmund op-A"]
[Site "Dortmund"]
[Date "2007.06.26"]
[Round "4"]
[White "Krueger, Georg"]
[Black "Klein, Hans Joachim"]
[Result "0-1"]
[WhiteElo "1694"]
[BlackElo "1946"]
[PlyCount "56"]
[EventDate "2007.06.22"]
[EventType "swiss"]
[EventRounds "9"]
[EventCountry "GER"]
[SourceTitle "EXT 2008"]
[Source "ChessBase"]
[SourceDate "2007.11.25"]
[SourceVersion "1"]
[SourceVersionDate "2007.11.25"]
[SourceQuality "1"]

1. e4 e5 2. Bc4 Bc5 3. Nf3 d6 4. 0-0 Nc6 5. c3 Nf6 6. d3 Bg4 7. h3 Bh5 8. Nbd2 a6 9. Bb3 h6 10. Re1 g5 11. g4 Bg6 12. Nf1 Qd7 13. Ng3 0-0-0 14. Be3 Bxe3 15. Rxe3 h5 16. Nh2 hxg4 17. hxg4 Rxh2 18. Kxh2 Nxg4+ 19. Kg2 Nxe3+ 20. fxe3 Rh8 21. Qg1 Qg4 22. Rf1 Nd8 23. Bd1 Qh3+ 24. Kf2 Qh2+ 25. Qg2 Ne6 26. Bg4 Kd8 27. Bxe6 fxe6 28. Rh1 Rf8+ 0-1

[Event "Dortmund3"]
[Site "Dortmund"]
[Date "2006.05.31"]
[Round "10"]
[White "Chadt Rausch, Ralf"]
[Black "Krueger, Georg"]
[Result "0-1"]
[WhiteElo "1608"]
[BlackElo "1630"]
[PlyCount "24"]
[EventDate "2006.04.26"]
[EventType "tourn"]
[EventRounds "11"]
[EventCountry "GER"]
[SourceTitle "EXT 2007"]
[Source "ChessBase"]
[SourceDate "2006.11.23"]
[SourceVersion "1"]
[SourceVersionDate "2006.11.23"]
[SourceQuality "1"]

1. b3 d5 2. e3 c5 3. Bb2 Nf6 4. Nf3 Nc6 5. d4 Bg4 6. h3 Bh5 7. c3 Qb6 8. Be2 e6 9. Qc2 Rc8 10. Nbd2 Be7 11. c4 Bg6 12. Bd3 Nb4 0-1

[Event "Dortmund3"]
[Site "Dortmund"]
[Date "2006.05.17"]
[Round "6"]
[White "Reschop, Romano"]
[Black "Krueger, Georg"]
[Result "1-0"]
[WhiteElo "1666"]
[BlackElo "1630"]
[PlyCount "33"]
[EventDate "2006.04.26"]
[EventType "tourn"]
[EventRounds "11"]
[EventCountry "GER"]
[SourceTitle "EXT 2007"]
[Source "ChessBase"]
[SourceDate "2006.11.23"]
[SourceVersion "1"]
[SourceVersionDate "2006.11.23"]
[SourceQuality "1"]

1. d4 Nf6 2. c4 e6 3. Bg5 h6 4. Bh4 d5 5. Nc3 Be7 6. e3 0-0 7. Nf3 b6 8. cxd5 exd5 9. Qc2 Be6 10. Bd3 Nbd7 11. 0-0 c5 12. Bg3 Nh5 13. Be5 Nxe5 14. Nxe5 Rc8 15. Ba6 cxd4 16. Bxc8 dxc3 17. Bxe6 1-0

[Event "Dortmund3"]
[Site "Dortmund"]
[Date "2006.05.09"]
[Round "4"]
[White "Duschek, Guenter"]
[Black "Krueger, Georg"]
[Result "1/2-1/2"]
[WhiteElo "1674"]
[BlackElo "1630"]
[PlyCount "37"]
[EventDate "2006.04.26"]
[EventType "tourn"]
[EventRounds "11"]
[EventCountry "GER"]
[SourceTitle "EXT 2007"]
[Source "ChessBase"]
[SourceDate "2006.11.23"]
[SourceVersion "1"]
[SourceVersionDate "2006.11.23"]
[SourceQuality "1"]

1. d4 Nf6 2. Nf3 e6 3. Bf4 c5 4. e3 b6 5. c3 cxd4 6. exd4 Bb7 7. a4 Nc6 8. Bd3 Be7 9. Nbd2 0-0 10. h4 d6 11. Qb1 e5 12. Bg5 exd4 13. cxd4 Nb4 14. 0-0 Nxd3 15. Qxd3 h6 16. Bxf6 Bxf6 17. h5 Re8 18. Rfe1 Qd7 19. Ne4 1/2-1/2

[Event "Dortmund3"]
[Site "Dortmund"]
[Date "2006.04.29"]
[Round "2"]
[White "Krueger, Georg"]
[Black "Dieckmann, Rudolf"]
[Result "1-0"]
[WhiteElo "1630"]
[BlackElo "1592"]
[PlyCount "33"]
[EventDate "2006.04.26"]
[EventType "tourn"]
[EventRounds "11"]
[EventCountry "GER"]
[SourceTitle "EXT 2007"]
[Source "ChessBase"]
[SourceDate "2006.11.23"]
[SourceVersion "1"]
[SourceVersionDate "2006.11.23"]
[SourceQuality "1"]

1. d4 d5 2. Nf3 Nf6 3. c4 e6 4. Nc3 dxc4 5. e4 h6 6. Bxc4 c6 7. 0-0 b5 8. Bd3 a6 9. a3 Be7 10. Qe2 0-0 11. Rd1 Qb6 12. e5 Nd5 13. Qe4 f5 14. exf6 Nxf6 15. Qg6 Nbd7 16. Bxh6 Rf7 17. Ng5 1-0

[Event "Dortmund op-B"]
[Site "Dortmund"]
[Date "2005.07.15"]
[Round "7"]
[White "Krueger, Georg"]
[Black "Kuipers, Dustin"]
[Result "0-1"]
[WhiteElo "1704"]
[BlackElo "1874"]
[PlyCount "40"]
[EventDate "2005.07.08"]
[EventType "swiss"]
[EventRounds "9"]
[EventCountry "GER"]
[SourceTitle "CBM 107 Extra"]
[Source "ChessBase"]
[SourceDate "2005.09.01"]
[SourceVersion "1"]
[SourceVersionDate "2005.09.01"]
[SourceQuality "1"]

1. d4 d5 2. Nf3 Nf6 3. c4 c6 4. c5 Nbd7 5. Bf4 Nh5 6. Bd2 Qc7 7. e3 Nhf6 8. Qc2 e5 9. dxe5 Ng4 10. Nc3 Bxc5 11. Rc1 Ngxe5 12. Be2 Qb8 13. 0-0 Bd6 14. h3 0-0 15. Ng5 Nf6 16. f4 Ng6 17. Bd3 Re8 18. Rce1 Bd7 19. Nf3 c5 20. Ng5 Bc6 0-1

[Event "Dortmund op-B"]
[Site "Dortmund"]
[Date "2005.07.10"]
[Round "3"]
[White "Krueger, Georg"]
[Black "Bashylin, Vsevolod"]
[Result "1/2-1/2"]
[WhiteElo "1704"]
[BlackElo "1362"]
[PlyCount "65"]
[EventDate "2005.07.08"]
[EventType "swiss"]
[EventRounds "9"]
[EventCountry "GER"]
[SourceTitle "CBM 107 Extra"]
[Source "ChessBase"]
[SourceDate "2005.09.01"]
[SourceVersion "1"]
[SourceVersionDate "2005.09.01"]
[SourceQuality "1"]

1. d4 d5 2. Nf3 Nf6 3. c4 e6 4. Nc3 Nbd7 5. Bg5 c6 6. e3 Qa5 7. Bxf6 Nxf6 8. a3 Ne4 9. Rc1 Nxc3 10. Qd2 Be7 11. Qxc3 Qxc3+ 12. Rxc3 Bf6 13. Bd3 0-0 14. Rc2 h6 15. Ke2 Re8 16. Ne5 Bxe5 17. dxe5 Bd7 18. c5 Rad8 19. Rd1 Re7 20. Rcd2 Bc8 21. b4 Rf8 22. f4 Bd7 23. Kf3 Rfe8 24. g4 Kh8 25. h4 Kg8 26. h5 Kh8 27. g5 Rg8 28. Rg2 Ree8 29. Rdg1 Bc8 30. gxh6 gxh6 31. Rxg8+ Rxg8 32. Rxg8+ Kxg8 33. Kg4 1/2-1/2

[Event "Dortmund op-B"]
[Site "Dortmund"]
[Date "2005.07.09"]
[Round "2"]
[White "Weiss, Malte"]
[Black "Krueger, Georg"]
[Result "1/2-1/2"]
[WhiteElo "1406"]
[BlackElo "1704"]
[PlyCount "94"]
[EventDate "2005.07.08"]
[EventType "swiss"]
[EventRounds "9"]
[EventCountry "GER"]
[SourceTitle "CBM 107 Extra"]
[Source "ChessBase"]
[SourceDate "2005.09.01"]
[SourceVersion "1"]
[SourceVersionDate "2005.09.01"]
[SourceQuality "1"]

1. e4 e5 2. Nf3 Nf6 3. Nc3 Nc6 4. d4 exd4 5. Nxd4 d6 6. Bb5 Bd7 7. 0-0 a6 8. Bxc6 bxc6 9. Re1 Be7 10. Bg5 0-0 11. e5 dxe5 12. Rxe5 Bd6 13. Re1 Be7 14. Bxf6 Bxf6 15. Ne4 Be7 16. Qe2 f5 17. Qc4+ Kh8 18. Nc5 Bxc5 19. Qxc5 Qf6 20. Re7 Rad8 21. Rd1 Qd6 22. Qxd6 cxd6 23. Ne6 Rfe8 24. Rxe8+ Rxe8 25. Nc7 Re7 26. Nxa6 Bc8 27. Nb4 Bb7 28. h3 d5 29. Nd3 Kg8 30. Re1 Kf7 31. Rxe7+ Kxe7 32. Kh2 Kd6 33. Kg3 c5 34. Kf4 c4 35. Ne1 Ke6 36. Nf3 h6 37. Nd4+ Kf6 38. h4 g5+ 39. hxg5+ hxg5+ 40. Kg3 Ke5 41. Nf3+ Kf6 42. b4 c3 43. Nd4 Ke5 44. Nf3+ Kf6 45. a4 f4+ 46. Kh2 g4 47. Ne1 d4 1/2-1/2

[Event "Dortmund ABC Serie B-23"]
[Site "Dortmund"]
[Date "2005.04.26"]
[Round "3"]
[White "Krueger, Georg"]
[Black "Sonntag, Joachim"]
[Result "1/2-1/2"]
[WhiteElo "1705"]
[BlackElo "1768"]
[PlyCount "26"]
[EventDate "2005.04.15"]
[EventType "tourn"]
[EventRounds "11"]
[EventCountry "GER"]
[SourceTitle "EXT 2007"]
[Source "ChessBase"]
[SourceDate "2006.11.23"]
[SourceVersion "1"]
[SourceVersionDate "2006.11.23"]
[SourceQuality "1"]

1. e4 c5 2. Nf3 d6 3. c3 Nf6 4. Be2 Nxe4 5. Qa4+ Nd7 6. Qxe4 Nf6 7. Qc2 e5 8. Bb5+ Bd7 9. Bxd7+ Qxd7 10. 0-0 Be7 11. d4 cxd4 12. cxd4 Rc8 13. Qd3 e4 1/2-1/2

[Event "Dortmund ABC Serie B-23"]
[Site "Dortmund"]
[Date "2005.04.15"]
[Round "1"]
[White "Krueger, Georg"]
[Black "Werninghaus, Klaus Peter"]
[Result "1-0"]
[WhiteElo "1705"]
[BlackElo "1460"]
[PlyCount "61"]
[EventDate "2005.04.15"]
[EventType "tourn"]
[EventRounds "11"]
[EventCountry "GER"]
[SourceTitle "EXT 2007"]
[Source "ChessBase"]
[SourceDate "2006.11.23"]
[SourceVersion "1"]
[SourceVersionDate "2006.11.23"]
[SourceQuality "1"]

1. e4 c6 2. d4 d5 3. f3 dxe4 4. fxe4 e5 5. Nf3 Bg4 6. Bc4 f6 7. c3 Nd7 8. 0-0 Qc7 9. a4 c5 10. d5 Bd6 11. Qc2 Ne7 12. Nbd2 0-0 13. h3 Bxf3 14. Nxf3 Ng6 15. g3 Kh8 16. Be3 Nb6 17. Be2 c4 18. a5 Nd7 19. Ra4 b5 20. axb6 Nxb6 21. Bxb6 Qxb6+ 22. Kg2 Rfb8 23. Rb1 Qb3 24. Qxb3 cxb3 25. Nd2 Ne7 26. Nc4 Bc5 27. Rba1 Nc8 28. Ra5 Be7 29. Bg4 Bd8 30. Ra6 Nb6 31. Na5 1-0